KOHA-Header-6

Caculus With Analytic Geometry (Record no. 9157)

000 -LEADER
fixed length control field 00271nam a2200109Ia 4500
100 ## - MAIN ENTRY--AUTHOR NAME
Personal name S.M.Yousr,Dr.
245 #0 - TITLE STATEMENT
Title Caculus With Analytic Geometry
260 ## - PUBLICATION, DISTRIBUTION, ETC. (IMPRINT)
Place of publication New Delhi
Name of publisher Bantam Books Inc
Year of publication 2002
300 ## - PHYSICAL DESCRIPTION
Number of Pages 66
942 ## - ADDED ENTRY ELEMENTS (KOHA)
Koha item type Books
Holdings
Withdrawn status Lost status Collection code Permanent Location Current Location Shelving location Date acquired Full call number Accession Number Koha item type
    Mathematics MAJU MAJU Shelf No.A26 2019-09-14 658.848 4547 Mathematics

Powered by Koha